Poškodený meniskus ošetria elegantne

Bibliographic Details
Main Author: Medvecová, Dobroslava, 1938- (Author)
Format: Article
Language:Slovak
PhysicalDescription:Obr.
ISSN:1335-440X
Subjects:

MARC

LEADER 00000nab a2200000 ar4500
001 vtls008957452
003 SK-MaSNL
005 20260303070953.0
008 070321c20070302xo dr|p|||||||000 b|slo
015 |a SNBRB2007/03  |2 snkbucl 
040 |a SNKBUCL  |b slo  |c SNKBUCL  |e AACR2 
041 0 |a slo 
044 |a xo  |c SK 
080 |a 616.728-089.81  |2 2001 
100 1 |a Medvecová, Dobroslava,  |d 1938-  |4 aut  |9 839195 
245 1 0 |a Poškodený meniskus ošetria elegantne  |c Dobroslava Medvecová 
300 |b Obr. 
500 |a Od 15.1.2007 návrat k pôvodnému vročeniu 
650 0 7 |a artroskopia  |2 snkbucl  |9 14644 
650 0 7 |a miniinvazívna technika  |2 snkbucl  |9 1069084 
650 0 7 |a meniskus  |2 snkbucl  |9 977192 
773 0 |t Sme  |g Roč. 15, č. 51 (2.3.2007), s. [27]  |x 1335-440X 
852 |a SNK  |b KIS3GCP 
958 |a MI 
999 |c 1757761  |d 1759691